000 00650cam a22001815a 4500
001 E142281
008 080201s1878 xxk eng u
035 _a(Sirsi) u142281
041 0 _aeng
245 0 0 _aNo.1 Caledonian Railway, Glasgow Central Station, Contract no.6
_bschedule of the estimated quantities of excavator, mason and brick works proposed to be executed in erecting station buildings, corner of Gordon & Hope Streets, schedule A
_h[manuscript]
260 _cMarch 1878
300 _a1v.
_c34cm.
340 _aPrinted
351 _cSingle item
651 4 _aGlasgow
690 _aBUILT ENVIRONMENT-QUANTITY SURVEYING
942 _n0
999 _c116781
_d116781